تحرىک پاکستان ارو نىشنلسٹ علماء / Taḥrīk-i Pākistān aur naishnalisṭ ʻulamāʻ / (Record no. 84223)
[ view plain ]
| 000 -LEADER | |
|---|---|
| fixed length control field | 00808cam a22002291 4500 |
| 001 - CONTROL NUMBER | |
| control field | 84223 |
| 003 - CONTROL NUMBER IDENTIFIER | |
| rucl marc code | BD-RjUL |
| 005 - DATE AND TIME OF LATEST TRANSACTION | |
| control field | 20241103155946.0 |
| 008 - FIXED-LENGTH DATA ELEMENTS--GENERAL INFORMATION | |
| fixed length control field | 890720s1966 pk 000 0 urdr |
| 035 ## - SYSTEM CONTROL NUMBER | |
| System control number | (84223) |
| 040 ## - CATALOGING SOURCE | |
| Original cataloging agency | DLC |
| Transcribing agency | WaU |
| Modifying agency | DLC |
| Language of cataloging | eng |
| 041 ## - LANGUAGE CODE | |
| Language code of text/sound track or separate title | engurd |
| 082 ## - DEWEY DECIMAL CLASSIFICATION NUMBER | |
| Edition number | 23 |
| Classification number | 954.0088297 |
| Author mark and year | AHT 1966 |
| 100 1# - MAIN ENTRY--PERSONAL NAME | |
| Personal name | Ahmed, Chaudhary Habib, احمد، چودھرى حبىب،, |
| Dates associated with a name | 1934- |
| 9 (RLIN) | 14074 |
| 245 10 - TITLE STATEMENT | |
| Title | تحرىک پاکستان ارو نىشنلسٹ علماء / Taḥrīk-i Pākistān aur naishnalisṭ ʻulamāʻ / |
| Statement of responsibility, etc. | چودھرى حبىب احمد., - /, Chaudhary Habib Ahmed |
| 260 ## - PUBLICATION, DISTRIBUTION, ETC. (IMPRINT) | |
| Date of publication, distribution, etc. | [1966] |
| Place of publication, distribution, etc. | البىان،, Lāhaur,: |
| Name of publisher, distributor, etc. | البىان،, / al-Bayān, |
| 300 ## - PHYSICAL DESCRIPTION | |
| Pagination | 21, 1039 p. |
| Size | 23 cm. |
| 500 ## - GENERAL NOTE | |
| General note | In Urdu. |
| 650 #0 - SUBJECT ADDED ENTRY--TOPICAL TERM | |
| Topical term or geographic name as entry element | Muslims |
| Geographic subdivision | India. |
| 651 #0 - SUBJECT ADDED ENTRY--GEOGRAPHIC NAME | |
| Geographic name | Pakistan. |
| 942 ## - ADDED ENTRY ELEMENTS (KOHA) | |
| Source of classification or shelving scheme | Dewey Decimal Classification |
| Koha item type | Books |
| Lost status | Source of classification or shelving scheme | Damaged status | Not for loan | Collection code | Permanent Location | Current Location | Shelving location | Date acquired | Source of acquisition | Cost, normal purchase price | Total Checkouts | Full call number | Date last seen | Copy number | Koha item type |
|---|---|---|---|---|---|---|---|---|---|---|---|---|---|---|---|
| Dewey Decimal Classification | Not For Loan | Non-fiction | Central Library, University of Rajshahi | Central Library, University of Rajshahi | Reading Room | 12/04/1971 | Firoz sons | 30.00 | U 954.0088297 AHT 1966 | 03/11/2024 | C-1 | Books |